000 00531cam a2200193ua 4500
001 2436
008 110817n ii |||gr||||Z||||||asm
040 _cMAIN
082 _a398.054162
100 1 _aNeog, Maheswar,
_eAuthor.
245 1 _aSattriya nritya aru sattriya nritya tal
_cby Maheswar Neog
250 _a4th.
260 _aGuahati:
_bSecretary publication board assam,
_c2006.
300 _a568p:
_bill;
_c25cm.
653 _aFolklore
653 _aAssamese culture
700 _aChangkakati, Keshav,
_eAuthor.
942 _cBK
999 _c2293
_d2293